| 000 | 00704cam a22002413a 4500 | ||
|---|---|---|---|
| 001 | 31894 | ||
| 003 | PGUSA | ||
| 005 | 20140828083706.0 | ||
| 008 | 100405s2010||||xxu|||||s|||||000 | eng d | ||
| 040 |
_aPGUSA _beng |
||
| 042 | _adc | ||
| 050 | 4 | _aPA | |
| 100 | 1 | _aPaxson, Susan | |
| 245 | 1 | 0 |
_aTwo Latin Plays for High-School Students _h[electronic resource] / _cSusan Paxson |
| 260 |
_bProject Gutenberg, _c2010 |
||
| 506 | _aPublic domain in the USA. | ||
| 516 | _aElectronic text | ||
| 653 | _aLatin language -- Study and teaching -- Activity programs | ||
| 653 | _aDrama in education | ||
| 830 | 0 |
_aProject Gutenberg _v31894 |
|
| 856 | 4 | 0 | _uhttp://www.gutenberg.org/ebooks/31894 |
| 942 | _cEB | ||
| 999 |
_c261149 _d261149 |
||